Generación de modelos de negocio: un manual para visionarios, revolucionarios y retadores

Salvato in:
Dettagli Bibliografici
Autore principale: Osterwalder, Alexander (autor)
Altri autori: Pigneur, Yves (autor)
Natura: Libro
Pubblicazione: Barcelona, España: Deusto, 2017.
Edizione:Decimoséptima edición.
Soggetti:
Tags: Aggiungi Tag
Nessun Tag, puoi essere il primo ad aggiungerne!!

MARC

LEADER 00000nam a22000007a 4500
003 CL-VaPUC
005 20240910162207.0
008 240910t2017 ||||| |||| 00| 0 eng d
999 |c 444715  |d 444713 
020 |a 978-84-234-2799-4 
040 |c Pontificia Universidad Católica de Valparaíso 
082 0 4 |a 658.404 OST 2017  |2 21 
100 |a Osterwalder, Alexander  |e autor  |9 866511 
245 1 0 |a Generación de modelos de negocio: un manual para visionarios, revolucionarios y retadores 
250 |a Decimoséptima edición.  
260 |a Barcelona, España:  |b Deusto,  |c 2017. 
300 |a 278 páginas.  
583 |a last modification  |c 20240910  |k Cristina María Rojas Aguilar 
650 0 |a Modelos de negocio  |9 565102 
650 0 |a Negocios  |9 262468 
650 0 |a Toma de decisiones   |9 257530 
700 0 |a Pigneur, Yves  |e autor  |9 565101 
942 |c BK  |2 ddc 
952 |0 0  |1 0  |3 erb  |4 0  |6 658_404000000000000_OST_2017  |7 0  |8 A  |9 452363  |a BIBCUR  |b BIBCUR  |i 5471850  |l 1  |o 658.404 OST 2017  |p 5471850  |r 2025-04-22  |s 2025-01-21  |w 2019-11-22  |y BK  |z Catalogado en:20180527  |k QUI 
952 |0 0  |1 0  |3 erb  |4 0  |6 658_404000000000000_OST_2017  |7 0  |8 A  |9 452364  |a BIBCUR  |b BIBCUR  |i 5471842  |o 658.404 OST 2017  |p 5471842  |r 2025-04-22  |w 2019-11-22  |y BK  |z Catalogado en:20180527  |k QUI 
952 |0 0  |1 0  |3 erb  |4 0  |6 658_404000000000000_OST_2017  |7 0  |8 A  |9 452365  |a BIBCUR  |b BIBCUR  |i 5471834  |o 658.404 OST 2017  |p 5471834  |r 2025-04-22  |w 2019-11-22  |y BK  |z Catalogado en:20180527  |k QUI